Central Library OPAC University of Rajshahi

The biology of Hemichordata and Protochordata / (Record no. 75203)

MARC details
000 -LEADER
fixed length control field 00947nam a2200289 a 4500
001 - CONTROL NUMBER
control field 75203
003 - CONTROL NUMBER IDENTIFIER
rucl marc code BD-RjUL
005 - DATE AND TIME OF LATEST TRANSACTION
control field 20211209082647.0
008 - FIXED-LENGTH DATA ELEMENTS--GENERAL INFORMATION
fixed length control field 190131s1965 stka b 000 0 eng d
035 ## - SYSTEM CONTROL NUMBER
System control number (CStRLIN)NYCX86-B116901
Canceled/invalid control number (CStRLIN)NYCX86B116901
System control number (CaOTULAS)150038457
System control number (BD-RjUL)75421
040 ## - CATALOGING SOURCE
Transcribing agency NDeUA
Modifying agency OClW-H
-- OCoLC
-- m.c.
-- CU-SB
-- CStRLIN
-- NIC
Original cataloging agency BD-RjUL
Language of cataloging eng
041 ## - LANGUAGE CODE
Language code of text/sound track or separate title eng
060 ## - NATIONAL LIBRARY OF MEDICINE CALL NUMBER
Classification number QL 610 B276b 1965
082 ## - DEWEY DECIMAL CLASSIFICATION NUMBER
Edition number 23
Classification number 596
Author mark and year BAB 1965
100 1# - MAIN ENTRY--PERSONAL NAME
Personal name Barrington, E. J. W.
Fuller form of name (Ernest James William)
9 (RLIN) 227562
245 14 - TITLE STATEMENT
Title The biology of Hemichordata and Protochordata /
Statement of responsibility, etc. E.J.W. Barrington.
260 0# - PUBLICATION, DISTRIBUTION, ETC. (IMPRINT)
Place of publication, distribution, etc. Edinburgh :
Name of publisher, distributor, etc. Oliver & Boyd,
Date of publication, distribution, etc. 1965.
300 ## - PHYSICAL DESCRIPTION
Pagination vi, 176 p. :
Illustrations ill. ;
Size 22 cm.
500 ## - GENERAL NOTE
General note University reviews in biology ; v. 2
504 ## - BIBLIOGRAPHY, ETC. NOTE
Bibliography, etc Bibliography: p. 168-174.
650 #0 - SUBJECT ADDED ENTRY--TOPICAL TERM
Topical term or geographic name as entry element Hemichordata.
9 (RLIN) 216351
Topical term or geographic name as entry element Tunicata.
9 (RLIN) 216352
Topical term or geographic name as entry element Amphioxus.
9 (RLIN) 216353
942 ## - ADDED ENTRY ELEMENTS (KOHA)
Source of classification or shelving scheme Dewey Decimal Classification
Koha item type Books
Holdings
Lost status Source of classification or shelving scheme Damaged status Not for loan Collection code Permanent Location Current Location Shelving location Date acquired Source of acquisition Cost, normal purchase price Total Checkouts Full call number Date last seen Copy number Koha item type
  Dewey Decimal Classification   Not For Loan Non-fiction Central Library, University of Rajshahi Central Library, University of Rajshahi Reading Room 01/08/1968 Mirza book agency 18.75   596 BAB 1965 31/01/2019 C-1 Books